| 000 | 00450 a2200169 4500 | ||
|---|---|---|---|
| 003 | Nust | ||
| 005 | 20170207153341.0 | ||
| 040 | _cNust | ||
| 082 | _a005.1 | ||
| 100 | _aAlam , CSUO Kashif BESE-03 | ||
| 245 |
_aInternet call manager (Hard / Softcopy) _cCSUO Kashif Alam & SGT Usman Mohsin BESE-03 |
||
| 260 |
_cMCS _aOctober ,2001 |
||
| 300 | _a131 :p | ||
| 538 | _aAlmirah No.71 Shelf No.3 | ||
| 650 | _aUG Projects | ||
| 651 | _aUG CS Projects | ||
| 942 | _cTHS | ||
| 999 |
_c184320 _d184320 |
||